000 00629nam a2200217Ia 4500
005 20241129110031.0
008 241129s9999||||xx |||||||||||||| ||und||
020 _a978-81-948200-5-5
037 _aTB
040 _aARTS
_beng
_cARTS
041 _aeng
_2eng
084 _aV29W.P1 R1
_qARTS
100 _aDatta Sreeradha Au.
_9480759
245 0 _aAct east policy and northeast India
_cDatta Sreeradha Au.
260 _aNew Delhi, India
_bNew Vitasta Publishinng Pvt. Ltd.
_c2022
300 _axxx,321p.
365 _aINR
_b850
650 _aHistory-India
942 _cTB
_hV29W.P1 R1
999 _c1227080
_d1227080